| 000 | 00810nam a2200241 a 4500 | ||
|---|---|---|---|
| 001 | 64210 | ||
| 003 | BD-RjUL | ||
| 005 | 20211209081301.0 | ||
| 008 | 170212s1975 ii b 001 0 eng d | ||
| 035 | _a(BD-RjUL)64340 | ||
| 040 |
_aBD-RjUL _cBD-RjUL _dBD-RjUL _beng |
||
| 041 | _aeng | ||
| 082 | 0 | 0 |
_a954.14031 _223 _bPAT 1975 |
| 100 | 1 |
_aPalit, Chittabrata. _9190687 |
|
| 245 | 1 | 0 |
_aTensions in Bengal rural society : _blandlord, planters, and colonial rule, 1830-1860 / _cChittabrata Palit. |
| 260 |
_aCalcutta : _bProgressive Publishers, _c1975. |
||
| 300 |
_aix, 226 p. ; _c22 cm. |
||
| 504 | _aIncludes bibliography and index. | ||
| 650 | 0 |
_aAgriculture _zBengal _9190688 |
|
| 650 | 0 |
_aLandlord and tenant _zBengal _9190689 |
|
| 651 | 0 |
_aBengal (India) _xPolitics and government. _9174584 |
|
| 942 |
_2ddc _cBK |
||
| 999 |
_c64210 _d64210 |
||